000 00944cam a2200205 4500
001 WB3842-09
008 021114n2002 000 0 eng u
035 _a(Sirsi) u120454
245 _aLatest from the ODPM housing statistics
260 _c2002
490 _aRICS Residential Faculty News
_v 8 November 2002 (1)
520 _aThe latest ODPM housing statistics "Recent trends in the UK property market" compares what has been happening between the last property boom in the late 1980's and the present one. It examines the position of first time buyers and looks at how earnings have changed relative to house prices. http://www.rics.org/ricscms/bin/show?class=News&template=/includes/shownews.html&id=4119
590 _aWB
650 _aHOUSING STATISTICS
650 _aHOUSING TRENDS
650 _aFIRST-TIME BUYERS
650 _aHOUSE PRICES
690 _aPROPERTY-RESIDENTIAL PROPERTY-RESIDENTIAL PROPERTY MARKET
942 _n0
999 _c71567
_d71567